000 00289nam a22001337a 4500
008 170926b xxu||||| |||| 00| 0 eng d
020 _a9780395434093
041 _aeng
080 _a37
100 _a46
101 _aEDU
245 _aHOW TO STUDY IN COLLEGE
_cPAUK, W
942 _2udc
_cBK
999 _c29763
_d29763